Pearl Jam - Vs. Songs - Statistics

General Stats
  • This quiz has been taken 18 times
  • The average score is 8 of 12
Answer Stats
Length Song % Correct
3:55 Daughter
92%
3:15 Elderly Woman Behind the Counter in a Small Town
77%
3:12 Go
77%
4:44 Rearviewmirror
77%
2:49 Animal
69%
3:35 Dissident
69%
5:02 Indifference
62%
3:09 Leash
54%
5:59 W.M.A.
54%
2:50 Blood
46%
3:26 Glorified G
46%
4:15 Rats
46%
No matching quizzes found
Score Distribution
Percent of People with Each Score
Percentile by Number Answered
Your Score History
You have not taken this quiz